000 00417nam a2200157 4500
999 _c14412
_d14412
003 OSt
005 20260410132648.0
008 260410b ||||| |||| 00| 0 eng d
020 _a978933418682
040 _aBMSCA
110 _aUrban Design Lab
245 _aUDL Thesis Publication | 2025
_bcurating the best graduate thesis projects globally
260 _bUrban Design Lab
_c2025
300 _a283p.
942 _2ddc